The Oxide handbook /

Guardado en:
Otros Autores: Samsonov, G. V. (Editor , ed.), Turton, Nigel, (Traductor, tr.), Turton, Tatiana I., (Traductor, tr.)
Formato: Libro
Idioma:English
Russian
Publicado: New York : IFI/Plenum, 1973.
Materias:
Etiquetas: Agregar Etiqueta
Sin Etiquetas, Sea el primero en etiquetar este registro!
LEADER 00909cam a22002534a 4500
001 EIQ.libpla001718
008 730731s1973####nyua#####b####000#0#eng#d
005 20061211180954.0
245 0 4 |a The Oxide handbook /  |c Edited by G. V. Samsonov. Translated from Russian by C. Nigel Turton and Tatiana I. Turton. 
260 |a New York :  |b IFI/Plenum,  |c 1973. 
300 |a xi, 524 p. :  |b il. ;  |c 24 cm. 
500 |a Traducción rev y corr de:Fiziko-khimicheskie svoæistva okislov. 
504 |a Bibliografía: p. 496-524. 
020 |a 0306651572 
700 1 |a Samsonov, G. V.  |q (Grigorii Valentinovich),  |e ed.  |4 edt 
700 1 |a Turton, Nigel,  |e tr.  |4 trl 
700 1 |a Turton, Tatiana I.,  |e tr.  |4 trl 
082 0 0 |a 546/.721/2 
650 0 |a Óxidos  |x Tablas. 
650 0 |a Oxides  |x Tables. 
010 |a  74165693  
040 |a DLC  |c DLC  |d AR-BbSID 
041 1 |a eng  |h rus 
859 |a AR-BbSID  |b BIB. PLAPIQUI  |h 549.5  |i Ox 3  |k R  |p 2153